Corporate Finance: Valuation Manual (Record no. 1763)

000 -LEADER
fixed length control field 00507nam a22001937a 4500
003 - CONTROL NUMBER IDENTIFIER
control field OSt
005 - DATE AND TIME OF LATEST TRANSACTION
control field 20210421071350.0
008 - FIXED-LENGTH DATA ELEMENTS--GENERAL INFORMATION
fixed length control field 210226s1999 ||||| |||| 00| 0 eng d
040 ## - CATALOGING SOURCE
Original cataloging agency eng
Language of cataloging eng
Transcribing agency DLC
041 ## - LANGUAGE CODE
Language code of text/sound track or separate title eng
080 ## - UNIVERSAL DECIMAL CLASSIFICATION NUMBER
Universal Decimal Classification number 336
Item number E-46
100 ## - MAIN ENTRY--PERSONAL NAME
9 (RLIN) 1149
Personal name Ellis, Chris
245 ## - TITLE STATEMENT
Title Corporate Finance: Valuation Manual
Remainder of title : Coursepack
Statement of responsibility, etc. / by: Ing Barings
260 ## - PUBLICATION, DISTRIBUTION, ETC.
Name of publisher, distributor, etc. Ing Barings
Date of publication, distribution, etc. 1999
300 ## - PHYSICAL DESCRIPTION
Extent 97 p.
Other physical details ill.
650 #0 - SUBJECT ADDED ENTRY--TOPICAL TERM
9 (RLIN) 454
Topical term or geographic name entry element Finances
653 ## - INDEX TERM--UNCONTROLLED
Uncontrolled term ფინანსები
942 ## - ADDED ENTRY ELEMENTS (KOHA)
Source of classification or shelving scheme
Koha item type Books
Holdings
Withdrawn status Lost status Source of classification or shelving scheme Damaged status Not for loan Permanent location Current location Date acquired Inventory number Total Checkouts Full call number Barcode Date last seen Price effective from Koha item type
          Ken Walker International University Ken Walker International University 02/26/2021 1555   336 E-46 1555 02/26/2021 02/26/2021 Books

Powered by Koha